Zapp (Record no. 541485)

MARC details
000 -LEADER
fixed length control field 00450nam a2200181Ia 4500
008 - FIXED-LENGTH DATA ELEMENTS--GENERAL INFORMATION
fixed length control field 240825s9999 xx 000 0 und d
020 ## - INTERNATIONAL STANDARD BOOK NUMBER
ISBN 9788183281379
Paper back/Hardbound pbk
041 ## - LANGUAGE CODE
Language code of text/sound track or separate title eng
082 ## - DEWEY DECIMAL CLASSIFICATION NUMBER
Classification number 823.92 KIN
100 ## - MAIN ENTRY--AUTHOR NAME
Personal name Kinger, Rachit
245 #0 - TITLE STATEMENT
Title Zapp
Statement of responsibility, etc /Rachit Kinger;
250 ## - EDITION STATEMENT
Edition statement 1st ed.
260 ## - PUBLICATION, DISTRIBUTION, ETC. (IMPRINT)
Name of publisher Wisdom Tree,
Year of publication 2009.
Place of publication New Delhi:
300 ## - PHYSICAL DESCRIPTION
Number of Pages 115 p. :
Dimensions 18cm.
650 ## - SUBJECT ADDED ENTRY--TOPICAL TERM
Topical Term English Fiction
942 ## - ADDED ENTRY ELEMENTS (KOHA)
Koha item type English Books
Holdings
Withdrawn status Lost status Damaged status Not for loan Home library Current library Shelving location Date acquired Cost, normal purchase price Full call number Accession Number Price effective from Koha item type
        Anna Centenary Library Anna Centenary Library 4TH FLOOR, B WING 03.04.2024 245.00 823.92 KIN 661985 25.08.2024 English Books
        Anna Centenary Library Anna Centenary Library 4TH FLOOR, B WING 25.08.2024 245.00 823.92 KIN 661986 25.08.2024 English Books

Find us on the map